[Event "17th Aeroflot Open-A 2019"]
[Site "Moscow"]
[Date "2019.02.20"]
[Round "1.7"]
[White "Lalith Babu M R"]
[Black "Inarkiev, Ernesto"]
[Result "0-1"]
[WhiteElo "2556"]
[BlackElo "2692"]
[Annotator "RC"]
[PlyCount "84"]
[EventDate "2019.02.19"]
[EventCountry "RUS"]
[SourceTitle "playchess.com"]
[Source "ChessBase"]
[SourceQuality "1"]
[TimeControl "40/5400+30:1800+30"]

1. Nf3 {[%emt 0:00:00]} d5 {[%emt 0:00:00]} 2. d4 {[%emt 0:00:00]} Nf6 {[%emt 0:00:00]} 3. c4 {[%emt 0:00:00]} e6 {[%emt 0:00:00]} 4. g3 {[%emt 0:00:00]} Bb4+ {[%emt 0:00:00]} 5. Bd2 {[%emt 0:00:00]} Be7 {[%emt 0:00:00]} 6. Bg2 {[%emt 0:00:00]} O-O {[%emt 0:00:01]} 7. O-O {[%emt 0:00:03]} c6 {[%emt 0:00:09]} 8. Qc2 {[%emt 0:00:18]} Nbd7 {[%emt 0:00:09]} 9. Rd1 {[%emt 0:00:32]} b6 {[%emt 0:00:10]} 10. b3 {[%emt 0:00:05]} Ba6 {[%emt 0:02:55]} 11. Bf4 {[%emt 0:03:37]} Rc8 {[%emt 0:00:34]} 12. Nc3 {[%emt 0:01:12]} dxc4 {[%emt 0:00:50]} 13. bxc4 {[%emt 0:00:47]} Bxc4 {[%emt 0:03:13]} 14. Nd2 {[%emt 0:05:50]} Ba6 {[%emt 0:01:09]} 15. Qa4 {[%emt 0:00:28]} Bb7 {[%emt 0:00:10]} 16. Qxa7 {[%emt 0:01:19]} Ba8 {[%emt 0:00:12]} 17. e4 {[%emt 0:13:27]} Bb4 {[%emt 0:14:01]} 18. Rac1 {[%emt 0:06:29]} Nh5 {[%emt 0:11:59]} 19. a3 {[%emt 0:17:45]} Bxc3 {[%emt 0:20:21]} 20. Rxc3 {[%emt 0:00:08]} Nxf4 {[%emt 0:00:02]} 21. gxf4 {[%emt 0:00:08]} Rc7 {[%emt 0:00:04]} 22. Qa4 {[%emt 0:09:25]} Qh4 {[%emt 0:00:56]} 23. Rf3 {[%emt 0:10:56]} c5 {[%emt 0:01:16]} 24. f5 {[%emt 0:06:24]} exf5 {[%emt 0:10:08]} 25. Rxf5 {[%emt 0:00:32]} cxd4 {[%emt 0:00:16]} 26. Qxd4 {[%emt 0:04:55]} Nc5 {[%emt 0:00:08]} 27. Nf3 {[%emt 0:11:55]} Qxe4 {[%emt 0:01:27]} 28. Re5 {[%emt 0:00:05]} Qc2 {[%emt 0:06:07]} 29. Ne1 {[%emt 0:00:34]} Qg6 {[%emt 0:01:12]} 30. Qd6 {[%emt 0:01:02]} Rcc8 {[%emt 0:09:51]} 31. Qxg6 {[%emt 0:00:32]} fxg6 {[%emt 0:01:15]} 32. Re7 {[%emt 0:01:56]} Rf6 {[%emt 0:01:17]} 33. Bxa8 {[%emt 0:02:18]} Rxa8 {[%emt 0:00:03]} 34. Nc2 {[%emt 0:00:05]} h6 {[%emt 0:01:55]} 35. Rd2 {[%emt 0:00:56]} g5 {[%emt 0:00:13]} 36. Rde2 {[%emt 0:00:16]} Ra4 {[%emt 0:00:41]} 37. h3 {[%emt 0:01:19]} Kh7 {[%emt 0:05:45]} 38. R2e3 {[%emt 0:00:58]} Raf4 {[%emt 0:00:57]} 39. Re2 {[%emt 0:02:07]} Nd3 {[%emt 0:00:18]} 40. R7e6 {[%emt 0:00:00]} Rxf2 {[%emt 0:00:00]} 41. Rxf2 {[%emt 0:07:08]} Rxe6 {[%emt 0:06:47]} 42. Rd2 {[%emt 0:00:07]} Nf4 {[%emt 0:00:25]} 0-1

[Event "17th Aeroflot Open-A 2019"]
[Site "Moscow"]
[Date "2019.02.19"]
[Round "1.8"]
[White "Nabaty, Tamir"]
[Black "Santos Ruiz, Miguel"]
[Result "*"]
[WhiteElo "2688"]
[BlackElo "2554"]
[Annotator "TA"]
[PlyCount "36"]
[EventDate "2019.02.19"]
[EventCountry "RUS"]
[SourceTitle "playchess.com"]
[Source "ChessBase"]
[SourceQuality "1"]

{[%evp 18,36,-1,0,-4,-27,0,0,0,0,-7,0,0,0,0,0,0,0,8,8,10]} 1. d4 Nf6 2. Nf3 d5 3. Bf4 c5 4. e3 Nc6 5. Nbd2 (5. c3 cxd4 6. exd4 Bf5 7. Qb3 Na5 8. Qa4+ Bd7 9. Qc2 Rc8 10. Nbd2 g6 11. Bd3 Bg7 12. O-O O-O 13. Ne5 Nc6 14. Nxc6 Bxc6 {0-1 (66) Eljanov,P (2680)-Saric,I (2690) chess.com INT 2019}) 5... Qb6 6. dxc5 {D02: 1 d4 d5 2 Nf3 sidelines, including 2...Nf6 3 g3 and 2...Nf6 3 Bf4} Qxb2 7. Rb1 Qc3 8. Bb5 e6 9. O-O Be7 10. Ne5 {LiveBook: 18 Games} Bd7 11. Nd3 O-O 12. Bc7 {The position is equal.} b6 13. a4 $146 Ne8 $1 {[%cal Re8c7]} ({Avoid the trap} 13... Bxc5 $2 14. Rb3 $18) 14. Be5 Nxe5 15. Rb3 Qa5 16. Nxe5 Bxb5 17. axb5 {[#] Black must now prevent Nc6.} bxc5 18. b6 $1 {Strongly threatening Nc6.} axb6 *

[Event "17th Aeroflot Open-A 2019"]
[Site "Moscow"]
[Date "2019.02.20"]
[Round "1.8"]
[White "Nabaty, Tamir"]
[Black "Santos Ruiz, Miguel"]
[Result "1/2-1/2"]
[WhiteElo "2688"]
[BlackElo "2554"]
[Annotator "TA"]
[PlyCount "108"]
[EventDate "2019.02.19"]
[EventCountry "RUS"]
[SourceTitle "playchess.com"]
[Source "ChessBase"]
[SourceQuality "1"]

{[%evp 9,108,0,0,0,0,0,0,0,0,-2,0,0,0,0,0,-41,15,0,0,-9,-9,-12,-16,-19,22,22,18,18,21,20,30,27,35,36,40,44,65,62,62,64,83,0,33,42,33,0,0,0,0,0,0,0,0,-8,0,-35,0,0,0,-116,-119,-121,-114,-275,-275,-658,-202,-98,-96,-88,-69,-64,0,-87,-87,-198,-144,-144,-144,-144,-144,-144,-144,-144,-144,-144,-144,-144,-144,-144,-144,-144,-144,-144,-144,-144,-144,-144,-144,-144,-144]} 1. d4 Nf6 2. Bf4 d5 3. e3 c5 4. dxc5 (4. c3 Nc6 5. Nd2 Qb6 6. Qb3 Nh5 7. Qxb6 axb6 8. Bc7 cxd4 9. exd4 e5 10. Bxe5 Nxe5 11. dxe5 Bc5 12. g3 O-O {1-0 (76) Aronian,L (2765)-Caruana,F (2832) London 2018}) 4... e6 5. b4 a5 6. c3 {D00: 1 d4 d5: Unusual lines} Bd7 7. Nd2 axb4 8. cxb4 {The position is equal.} b6 9. cxb6 Bxb4 10. Bc7 Qe7 {...Ne4 is the strong threat.} 11. Ngf3 O-O 12. a4 $146 Bd6 ({Better is} 12... e5 $15) 13. Bxd6 Qxd6 14. a5 {Hoping for Qb3.} Qc5 15. Nb3 Qb4+ 16. Nfd2 Ba4 17. Qb1 $1 $36 {[%mdl 2048] White has good play.} Ne4 18. Bd3 Bxb3 19. Bxe4 Rxa5 20. Bxh7+ Kh8 21. Rxa5 Qxa5 22. Bd3 Bc4 23. Bxc4 dxc4 24. Ke2 c3 25. Nc4 (25. Ne4 $1 $16) 25... Qd5 26. Qb4 Kg8 ({Much weaker is} 26... Rc8 27. Nd6 $16) 27. Qxc3 Qxg2 28. Rb1 Qg4+ 29. Kf1 {Black must now prevent Qd4.} Rc8 30. Rc1 Qh3+ 31. Ke1 {aiming for b7.} Qxh2 32. Qd3 Qh1+ 33. Kd2 $1 Qf3 34. Rf1 {[#]} (34. Qd4 $11) 34... Qc6 $1 $17 {[%cal Rc6c4]} 35. Rc1 ({But not} 35. Nd6 $2 Rd8 $19) 35... Nd7 36. Rc2 $2 (36. Qd6 $17) 36... Nc5 $19 37. Qa3 $2 (37. Ne5 Qxb6 38. Ke2 Nxd3 39. Rxc8+ Kh7 40. Nxd3) 37... Qd5+ $2 (37... Rd8+ 38. Ke2 Qe4) 38. Ke2 {White wants to play Nd2.} Qh5+ 39. Ke1 Qh1+ 40. Ke2 Qh5+ 41. Ke1 $1 Qg6 42. e4 (42. b7 $17 Nxb7 43. Rc1) 42... Qxe4+ (42... Nxe4 $19 {( -> ...Qg1+)} 43. Qd3 Qg1+ 44. Qf1 Qh2) 43. Ne3 $17 {[#]} Nd3+ $1 44. Qxd3 Qxd3 45. Rxc8+ {[%mdl 4096] Endgame KQ-KRN} Kh7 {Threatens to win with ...Qb1+.} 46. Rc7 Qb1+ {[%mdl 64] Double Attack} 47. Ke2 {intending b7.} Qxb6 48. Rxf7 Qb5+ 49. Ke1 Qd3 50. Rf3 Kg8 51. Rg3 Kf7 52. Ng4 Qb1+ 53. Ke2 Qb2+ 54. Kf1 Ke7 {Accuracy: White = 58%, Black = 60%.} 1/2-1/2

[Event "17th Aeroflot Open-A 2019"]
[Site "Moscow"]
[Date "2019.02.20"]
[Round "1.9"]
[White "Tsydypov, Zhamsaran"]
[Black "Korobov, Anton"]
[Result "1/2-1/2"]
[WhiteElo "2547"]
[BlackElo "2687"]
[Annotator "RC"]
[PlyCount "161"]
[EventDate "2019.02.19"]
[EventCountry "RUS"]
[SourceTitle "playchess.com"]
[Source "ChessBase"]
[SourceQuality "1"]
[TimeControl "40/5400+30:1800+30"]

1. e4 {[%emt 0:00:00]} e5 {[%emt 0:00:00]} 2. Nf3 {[%emt 0:00:48]} Nc6 {[%emt 0:00:00]} 3. Bb5 {[%emt 0:00:26]} a6 {[%emt 0:00:16]} 4. Ba4 {[%emt 0:00:05]} Nf6 {[%emt 0:00:25]} 5. O-O {[%emt 0:00:47]} Be7 {[%emt 0:00:10]} 6. d3 {[%emt 0:05:00]} d6 {[%emt 0:00:57]} 7. c3 {[%emt 0:04:16]} O-O {[%emt 0:00:19]} 8. Nbd2 {[%emt 0:00:33]} b5 {[%emt 0:02:14]} 9. Bc2 {[%emt 0:01:47]} Bb7 {[%emt 0:07:13]} 10. Re1 {[%emt 0:00:56]} Nb8 {[%emt 0:01:33]} 11. Nf1 {[%emt 0:04:18]} Nbd7 {[%emt 0:01:18]} 12. Ng3 {[%emt 0:02:27]} Re8 {[%emt 0:02:26]} 13. Bb3 {[%emt 0:05:41]} Nc5 {[%emt 0:02:50]} 14. Bc2 {[%emt 0:03:23]} Bf8 {[%emt 0:06:07]} 15. b4 {[%emt 0:03:46]} Ncd7 {[%emt 0:01:02]} 16. Bb3 {[%emt 0:01:07]} g6 {[%emt 0:09:37]} 17. Ng5 {[%emt 0:03:15]} Re7 {[%emt 0:01:11]} 18. f4 {[%emt 0:00:39]} exf4 {[%emt 0:04:21]} 19. Bxf4 {[%emt 0:00:22]} Bg7 {[%emt 0:01:44]} 20. a4 {[%emt 0:11:18]} h6 {[%emt 0:09:56]} 21. Nf3 {[%emt 0:01:02]} Ne5 {[%emt 0:01:33]} 22. Qd2 {[%emt 0:03:25]} Kh7 {[%emt 0:01:33]} 23. Rf1 {[%emt 0:08:26]} Nxf3+ {[%emt 0:06:07]} 24. gxf3 {[%emt 0:01:46]} c5 {[%emt 0:03:03]} 25. d4 {[%emt 0:02:00]} cxb4 {[%emt 0:03:36]} 26. cxb4 {[%emt 0:00:08]} bxa4 {[%emt 0:01:14]} 27. Bxa4 {[%emt 0:03:23]} Rc8 {[%emt 0:02:48]} 28. Be3 {[%emt 0:04:17]} Nd7 {[%emt 0:03:20]} 29. Rfc1 {[%emt 0:02:54]} Nb6 {[%emt 0:00:54]} 30. Bb3 {[%emt 0:00:50]} d5 {[%emt 0:04:07]} 31. Qd3 {[%emt 0:01:00]} dxe4 {[%emt 0:02:33]} 32. fxe4 {[%emt 0:00:37]} h5 {[%emt 0:05:14]} 33. Rxc8 {[%emt 0:09:10]} Qxc8 {[%emt 0:01:03]} 34. Rf1 {[%emt 0:03:32]} h4 {[%emt 0:05:19]} 35. d5 {[%emt 0:04:25]} Nd7 {[%emt 0:07:32]} 36. Bg5 {[%emt 0:02:04]} Ne5 {[%emt 0:00:05]} 37. Qe2 {[%emt 0:01:50]} Rd7 {[%emt 0:00:46]} 38. Bxh4 {[%emt 0:00:43]} Qc3 {[%emt 0:01:30]} 39. Ba4 {[%emt 0:01:53]} Rxd5 {[%emt 0:01:06]} 40. exd5 {[%emt 0:00:00]} Qd4+ {[%emt 0:00:00]} 41. Rf2 {[%emt 0:05:44]} Bxd5 {[%emt 0:07:05]} 42. Be7 {[%emt 0:05:12]} Nf3+ {[%emt 0:03:53]} 43. Kh1 {[%emt 0:03:29]} Ng5+ {[%emt 0:05:10]} 44. Rg2 {[%emt 0:02:54]} Nh3 {[%emt 0:01:22]} 45. Bc5 {[%emt 0:01:48]} Qa1+ {[%emt 0:02:28]} 46. Qd1 {[%emt 0:01:24]} Nf4 {[%emt 0:02:00]} 47. Qxa1 {[%emt 0:03:06]} Bxa1 {[%emt 0:00:07]} 48. Kg1 {[%emt 0:02:25]} Nxg2 {[%emt 0:00:26]} 49. b5 {[%emt 0:00:24]} axb5 {[%emt 0:01:50]} 50. Bxb5 {[%emt 0:00:05]} Nh4 {[%emt 0:00:11]} 51. Kf2 {[%emt 0:01:10]} f5 {[%emt 0:01:45]} 52. Bd3 {[%emt 0:04:14]} Bf6 {[%emt 0:01:10]} 53. Be3 {[%emt 0:00:23]} Kg7 {[%emt 0:00:27]} 54. Bf1 {[%emt 0:03:19]} Kf7 {[%emt 0:00:47]} 55. Ne2 {[%emt 0:00:28]} g5 {[%emt 0:00:56]} 56. Bd4 {[%emt 0:00:14]} Be7 {[%emt 0:00:33]} 57. Nc3 {[%emt 0:00:14]} Be6 {[%emt 0:00:28]} 58. Ne2 {[%emt 0:01:08]} Bd6 {[%emt 0:02:01]} 59. Ng3 {[%emt 0:00:40]} g4 {[%emt 0:01:29]} 60. Be2 {[%emt 0:01:03]} Kg6 {[%emt 0:01:13]} 61. Bb6 {[%emt 0:00:45]} f4 {[%emt 0:01:49]} 62. Bd3+ {[%emt 0:00:21]} Kh6 {[%emt 0:00:06]} 63. Ne2 {[%emt 0:01:28]} Kh5 {[%emt 0:02:14]} 64. Be4 {[%emt 0:00:41]} Bd7 {[%emt 0:00:36]} 65. Bd5 {[%emt 0:00:32]} Nf5 {[%emt 0:00:38]} 66. Nd4 {[%emt 0:02:32]} Ng7 {[%emt 0:02:54]} 67. Be4 {[%emt 0:01:43]} Be5 {[%emt 0:00:34]} 68. Nc6 {[%emt 0:00:22]} Bf6 {[%emt 0:00:20]} 69. Bd4 {[%emt 0:00:45]} Bh4+ {[%emt 0:00:13]} 70. Kg1 {[%emt 0:00:40]} Ne6 {[%emt 0:00:31]} 71. Bf2 {[%emt 0:01:04]} Ng5 {[%emt 0:01:40]} 72. Bxh4 {[%emt 0:00:36]} Nxe4 {[%emt 0:00:38]} 73. Ne5 {[%emt 0:00:11]} Kxh4 {[%emt 0:00:18]} 74. Nxd7 {[%emt 0:00:07]} Kh3 {[%emt 0:00:20]} 75. Ne5 {[%emt 0:00:23]} f3 {[%emt 0:00:12]} 76. Kf1 {[%emt 0:00:33]} f2 {[%emt 0:00:11]} 77. Nf3 {[%emt 0:00:14]} g3 {[%emt 0:01:22]} 78. hxg3 {[%emt 0:00:19]} Kxg3 {[%emt 0:00:07]} 79. Ke2 {[%emt 0:00:14]} Nd6 {[%emt 0:01:32]} 80. Ne1 {[%emt 0:00:53]} Nb7 {[%emt 0:00:31]} 81. Nd3 {[%emt 0:00:05]} 1/2-1/2

[Event "17th Aeroflot Open-A 2019"]
[Site "Moscow"]
[Date "2019.02.19"]
[Round "1.9"]
[White "Tsydypov, Zhamsaran"]
[Black "Korobov, Anton"]
[Result "*"]
[WhiteElo "2547"]
[BlackElo "2687"]
[Annotator "TA"]
[PlyCount "21"]
[EventDate "2019.02.19"]
[EventCountry "RUS"]
[SourceTitle "playchess.com"]
[Source "ChessBase"]
[SourceQuality "1"]

{[%evp 13,21,19,38,30,30,14,36,32,0,12]} 1. e4 c5 2. Nf3 d6 3. d4 cxd4 4. Nxd4 Nf6 5. Nc3 Nbd7 6. Be3 a6 7. g4 h6 {LiveBook: 37 Games. B90: Sicilian Najdorf: Unusual White 6th moves, 6 Be3 Ng4 and 6 Be3 e5} 8. h3 (8. Rg1 b5 9. a3 Bb7 10. f3 e6 11. h4 Nb6 12. g5 Nfd7 13. g6 Qxh4+ 14. Bf2 Qf6 15. Bh3 fxg6 16. Nxe6 {½-½ (108) Fakhrutdinov,T (2481)-Al Sayed,M (2484) St Petersburg 2018}) 8... Qc7 9. Qe2 e6 10. f4 $146 ({Predecessor:} 10. Bg2 Ne5 11. O-O-O Nc4 12. Kb1 Nxe3 13. Qxe3 Be7 14. f4 Rb8 15. Bf3 Nd7 16. h4 {1-0 (32) Frolova,E (2067)-Sazonova,A (1886) Moscow 2011}) 10... b5 11. a3 *

[Event "17th Aeroflot Open-A 2019"]
[Site "Moscow"]
[Date "2019.02.20"]
[Round "1.10"]
[White "Safarli, Eltaj"]
[Black "Hakobyan, Aram"]
[Result "1-0"]
[WhiteElo "2681"]
[BlackElo "2545"]
[Annotator "RC"]
[PlyCount "57"]
[EventDate "2019.02.19"]
[EventCountry "RUS"]
[SourceTitle "playchess.com"]
[Source "ChessBase"]
[SourceQuality "1"]
[TimeControl "40/5400+30:1800+30"]

1. e4 {[%emt 0:05:52]} c5 {[%emt 0:00:00]} 2. Nc3 {[%emt 0:00:05]} d6 {[%emt 0:00:00]} 3. Bb5+ {[%emt 0:00:07]} Bd7 {[%emt 0:00:00]} 4. Bxd7+ {[%emt 0:00:03]} Qxd7 {[%emt 0:00:12]} 5. d4 {[%emt 0:00:02]} cxd4 {[%emt 0:00:27]} 6. Qxd4 {[%emt 0:00:04]} Nc6 {[%emt 0:00:15]} 7. Qd3 {[%emt 0:00:03]} Nf6 {[%emt 0:01:16]} 8. Bg5 {[%emt 0:00:19]} e6 {[%emt 0:04:10]} 9. Bxf6 {[%emt 0:04:00]} gxf6 {[%emt 0:00:03]} 10. O-O-O {[%emt 0:00:45]} a6 {[%emt 0:03:46]} 11. f4 {[%emt 0:06:06]} O-O-O {[%emt 0:00:40]} 12. Nge2 {[%emt 0:00:58]} Kb8 {[%emt 0:03:23]} 13. Qh3 {[%emt 0:01:07]} h5 {[%emt 0:13:59]} 14. Rhf1 {[%emt 0:05:46]} b5 {[%emt 0:11:11]} 15. Kb1 {[%emt 0:09:20]} Na5 {[%emt 0:08:44]} 16. a3 {[%emt 0:02:57]} Bh6 {[%emt 0:14:29]} 17. f5 {[%emt 0:01:15]} Bg5 {[%emt 0:06:04]} 18. Nd4 {[%emt 0:06:59]} Rhe8 {[%emt 0:04:17]} 19. Qxh5 {[%emt 0:06:12]} Nc4 {[%emt 0:05:37]} 20. Rf2 {[%emt 0:03:23]} Rh8 {[%emt 0:04:31]} 21. Qe2 {[%emt 0:03:04]} Rxh2 {[%emt 0:00:13]} 22. a4 {[%emt 0:02:47]} Ne3 {[%emt 0:09:27]} 23. Re1 {[%emt 0:05:10]} b4 {[%emt 0:00:21]} 24. Qxa6 {[%emt 0:03:55]} bxc3 {[%emt 0:02:45]} 25. Qb6+ {[%emt 0:02:02]} Kc8 {[%emt 0:02:59]} 26. Nb5 {[%emt 0:00:17]} Rxg2 {[%emt 0:00:57]} 27. Rxg2 {[%emt 0:02:04]} Nxg2 {[%emt 0:00:07]} 28. Re2 {[%emt 0:00:46]} Nf4 {[%emt 0:02:03]} 29. Rh2 {[%emt 0:00:35]} 1-0

[Event "17th Aeroflot Open-A 2019"]
[Site "Moscow"]
[Date "2019.02.19"]
[Round "1.10"]
[White "Safarli, Eltaj"]
[Black "Hakobyan, Aram"]
[Result "*"]
[WhiteElo "2681"]
[BlackElo "2545"]
[Annotator "ChessBase"]
[PlyCount "28"]
[EventDate "2019.02.19"]
[EventCountry "RUS"]
[SourceTitle "playchess.com"]
[Source "ChessBase"]
[SourceQuality "1"]
[TimeControl "40/5400+30:1800+30"]

1. e4 {[%emt 0:00:00]} e6 {[%emt 0:00:00]} 2. d4 {[%emt 0:00:00]} d5 {[%emt 0:00:00]} 3. Nd2 {[%emt 0:00:00]} c5 {[%emt 0:00:00]} 4. Ngf3 {[%emt 0:00:00]} cxd4 {[%emt 0:00:00]} 5. Nxd4 {[%emt 0:00:00]} Nc6 {[%emt 0:00:00]} 6. Bb5 {[%emt 0:00:00]} Bd7 {[%emt 0:00:00]} 7. Nxc6 {[%emt 0:00:00]} Bxc6 {[%emt 0:00:00]} 8. Bxc6+ {[%emt 0:00:00]} bxc6 {[%emt 0:00:00]} 9. c4 {[%emt 0:00:00]} Nf6 {[%emt 0:00:00]} 10. Qa4 {[%emt 0:00:00]} Qd7 {[%emt 0:00:00]} 11. e5 {[%emt 0:00:00]} Ng8 {[%emt 0:00:00]} 12. O-O {[%emt 0:00:00]} Ne7 {[%emt 0:00:00]} 13. Nf3 {[%emt 0:00:00]} c5 {[%emt 0:02:48]} 14. Qc2 {[%emt 0:15:39]} d4 {[%emt 0:02:30]} *

[Event "17th Aeroflot Open-A 2019"]
[Site "Moscow"]
[Date "2019.02.20"]
[Round "1.11"]
[White "Sychev, Klementy"]
[Black "Sasikiran, Krishnan"]
[Result "0-1"]
[WhiteElo "2545"]
[BlackElo "2678"]
[Annotator "TA"]
[PlyCount "94"]
[EventDate "2019.02.19"]
[EventCountry "RUS"]
[SourceTitle "playchess.com"]
[Source "ChessBase"]
[SourceQuality "1"]

{[%evp 18,94,43,16,37,13,19,18,19,16,23,-28,-24,-24,-32,-21,-26,-31,-19,-37,-43,-34,-23,-68,-60,-313,-278,-375,-367,-264,-319,-457,-452,-464,-449,-483,-487,-550,-550,-547,-539,-521,-486,-463,-391,-381,-352,-402,-351,-351,-349,-327,-289,-281,-279,-305,-289,-297,-277,-253,-252,-321,-240,-351,-343,-335,-245,-245,-245,-598,-596,-577,-569,-543,-502,-1158,-983,-961,-960]} 1. e4 e5 2. Nf3 Nc6 3. Bb5 a6 4. Ba4 Nf6 5. O-O Nxe4 6. d4 b5 7. Bb3 d5 8. dxe5 Be6 9. c3 Be7 10. Bf4 Nc5 {C83: Open Ruy Lopez: 9 c3 Be7} (10... O-O 11. Nd4 Nxd4 12. cxd4 f6 13. Nd2 fxe5 14. Bxe5 Nd6 15. Bc2 Qd7 16. Re1 Nc4 17. Nf3 Bg4 18. Qd3 {0-1 (44) Robson,R (2660)-Shankland,S (2671) Saint Louis 2018}) 11. Nd4 $146 ({Predecessor:} 11. Bc2 Bg4 12. h3 Bh5 13. g4 Bg6 14. Bxg6 fxg6 15. Bg3 Ne6 16. Nbd2 O-O 17. Nb3 Qd7 18. Nbd4 Ncxd4 19. Nxd4 {1-0 (51) Chirila,I (2422)-Prohaszka,P (2506) Szeged 2008}) 11... Nxd4 12. cxd4 Nxb3 {The position is equal.} 13. Qxb3 O-O 14. Rc1 (14. Nd2 $142) 14... Rc8 $11 15. Qe3 {[#]} c5 $1 {[%mdl 512]} 16. dxc5 d4 $36 {[%mdl 2048] Black has the initiative.} 17. Qa3 d3 {White should prevent ...a5.} 18. Be3 Qd5 19. Nd2 Qxe5 20. b4 Qd5 21. Qxa6 $2 {[%mdl 8192] [#]} (21. Re1 $15) 21... Bh3 $1 $19 {[%mdl 512]} 22. gxh3 Rc6 23. Qxc6 Qxc6 24. Rd1 (24. a3 $142) 24... h5 25. Nf1 Rd8 26. Rac1 h4 27. Rd2 Bf6 28. a3 Be5 29. f4 Bf6 30. Bf2 Rd7 31. Ne3 Qe4 32. Ng2 Qf3 33. c6 Rc7 34. Rcd1 Qxh3 ({Not} 34... Qxc6 35. Rxd3 Qc4 36. Bc5 $17) 35. Rxd3 Qe6 36. Nxh4 Rxc6 37. Ng2 Rc2 38. Re1 Qc6 39. Rg3 Rc1 40. Rd3 (40. Bc5 $142 Rc2 41. Rb1) 40... Rxe1+ 41. Nxe1 Qe4 42. Rf3 Bb2 43. Bg3 $2 {[#]} (43. Rg3) 43... Bc3 $1 {[%mdl 512] Black is clearly winning.} 44. Rf1 (44. Rxc3 Qd4+) 44... Bd4+ 45. Bf2 Qxf4 46. Kg2 (46. Bxd4 $142 Qxd4+ 47. Rf2) 46... Qg4+ 47. Kh1 Qe2 {[%mdl 64] Double Attack. Accuracy: White = 35%, Black = 74%.} 0-1

[Event "17th Aeroflot Open-A 2019"]
[Site "Moscow"]
[Date "2019.02.19"]
[Round "1.11"]
[White "Sychev, Klementy"]
[Black "Sasikiran, Krishnan"]
[Result "*"]
[WhiteElo "2545"]
[BlackElo "2678"]
[Annotator "TA"]
[PlyCount "33"]
[EventDate "2019.02.19"]
[EventCountry "RUS"]
[SourceTitle "playchess.com"]
[Source "ChessBase"]
[SourceQuality "1"]

{[%evp 24,26,18,13,31]} 1. e4 e5 2. Nf3 Nc6 3. Bb5 {[%cal Bf1b5,Bb5a4,Ba4b3][%mdl 32]} a6 4. Ba4 Nf6 5. O-O Be7 6. d3 b5 7. Bb3 d6 8. a3 O-O 9. Nc3 Na5 {C77: Ruy Lopez: 3...a6 4 Ba4 Nf6, unusual lines} 10. Ba2 Be6 11. b4 Bxa2 12. Rxa2 Nc6 13. Bg5 {LiveBook: 42 Games} Nd7 {[#]} {Predecessor:} 14. Bd2 $146 Nf6 15. Nd5 Nxd5 16. exd5 Nb8 17. c4 {0-1 (38) Anand,V (2773)-Aronian,L (2765) Kolkata 2018} *

[Event "17th Aeroflot Open-A 2019"]
[Site "Moscow"]
[Date "2019.02.19"]
[Round "1.12"]
[White "Maghsoodloo, Parham"]
[Black "Kulaots, Kaido"]
[Result "*"]
[WhiteElo "2666"]
[BlackElo "2542"]
[Annotator "TA"]
[PlyCount "27"]
[EventDate "2019.02.19"]
[EventCountry "RUS"]
[SourceTitle "playchess.com"]
[Source "ChessBase"]
[SourceQuality "1"]

{[%evp 15,27,20,21,-9,9,8,67,68,69,74,79,70,69,68]} 1. e4 c5 2. Nf3 d6 3. d4 cxd4 4. Nxd4 Nf6 5. Nc3 a6 6. Be2 e5 7. Nb3 Be7 8. Be3 Be6 9. h4 {B92: Sicilian Najdorf: 6 Be2} (9. Nd5 Nbd7 10. Qd3 O-O 11. O-O Bxd5 12. exd5 Rc8 13. c4 Ne8 14. f3 g6 15. Kh1 Ng7 16. Bg1 Bg5 17. Rad1 h5 18. Nd2 f5 19. b4 h4 20. c5 dxc5 21. d6 cxb4 {1-0 (45) Karjakin,S (2782)-Grischuk,A (2766) Paris 2018}) 9... Nc6 10. Nd5 {Hoping for Bb6.} Bxd5 (10... Rc8 $11) 11. exd5 $14 Nb4 12. c4 {Black must now prevent a3.} a5 13. a3 $146 ({Predecessor:} 13. h5 O-O 14. Nd2 Nd7 15. h6 g6 16. O-O f5 {1-0 (41) Shabalov,A (2529)-Van Kampen,R (2658) chess.com INT 2019}) 13... Na6 14. g4 *

[Event "17th Aeroflot Open-A 2019"]
[Site "Moscow"]
[Date "2019.02.19"]
[Round "1.13"]
[White "Aryan Chopra"]
[Black "Sjugirov, Sanan"]
[Result "*"]
[WhiteElo "2540"]
[BlackElo "2663"]
[Annotator "TA"]
[PlyCount "36"]
[EventDate "2019.02.19"]
[EventCountry "RUS"]
[SourceTitle "playchess.com"]
[Source "ChessBase"]
[SourceQuality "1"]

{[%evp 19,32,0,19,15,5,-1,10,4,12,14,8,10,12,18,18]} 1. e4 c5 2. Nf3 d6 3. d4 cxd4 4. Nxd4 Nf6 5. Nc3 a6 6. Be3 e5 7. Nb3 Be6 8. Qd2 Nbd7 9. O-O-O Be7 10. f3 h5 {The position is equal.} 11. Nd5 {B90: Sicilian Najdorf: Unusual White 6th moves, 6 Be3 Ng4 and 6 Be3 e5} Nxd5 12. exd5 Bf5 13. Kb1 (13. Bd3 Bxd3 14. Qxd3 Bg5 15. Kb1 Bxe3 16. Qxe3 Rc8 17. h4 Nf6 18. Qd3 Qc7 {1-0 (32) Aronian,L (2767)-Dominguez Perez,L (2739) Saint Louis 2018}) 13... Rc8 14. Bd3 Bxd3 15. Qxd3 Bg5 16. Bf2 Qc7 {Predecessor:} 17. h4 $146 Bh6 18. g4 Bf4 {0-1 (30) Tahbaz,A (2426)-Darini,P (2527) Teheran 2016} *